000 00454nam a2200217Ia 4500
003 IT-RoPAU
008 120407s9999 xx 000 0 und d
040 _aIT-RoPAU
040 _cIT-RoPAU
041 _aita
100 _aGérard Philips
245 _aLe ròle du laicat dans l’Eglise.
250 _aParis
260 _aCasterman
260 _c1954
300 _a248 p.
300 _c21 cm
490 _v1
942 _cBK
999 _c30300
_d30300